El Movimiento huelguístico de Costa Rica: 1950-1960

Guardado en:
Bibliografiske detaljer
Hovedforfatter: Abarca Vázquez, Carlos Alberto
Format: Texto
Udgivet: San José :
Tags: Tilføj Tag
Ingen Tags, Vær først til at tagge denne postø!

MARC

LEADER 00000 a a2200000 04500
001 15743
003
040
090 |a 014100  
100 |a Abarca Vázquez, Carlos Alberto  
245 |a El Movimiento huelguístico de Costa Rica: 1950-1960  
260 |a San José :  
300 |a 23 p.  
999 |c 13724  |d 13724